Operations research / (Record no. 24334)
[ view plain ]
| 000 -LEADER | |
|---|---|
| fixed length control field | 00488cam a22001817i 4500 |
| 020 ## - INTERNATIONAL STANDARD BOOK NUMBER | |
| ISBN | 9780198096184 |
| 041 ## - LANGUAGE CODE | |
| Language code of text/sound track or separate title | English |
| 082 04 - DEWEY DECIMAL CLASSIFICATION NUMBER | |
| Classification number | 658.4034 |
| Item number | YAD |
| 100 1# - MAIN ENTRY--AUTHOR NAME | |
| Author name | Yadav, S. R., |
| 245 10 - TITLE STATEMENT | |
| Title | Operations research / |
| Statement of responsibility, etc | S.R. Yadav, with A.K. Malik. |
| 260 ## - PUBLICATION, DISTRIBUTION, ETC. (IMPRINT) | |
| Place of publication | New Delhi : |
| Name of publisher | Oxford University Press , |
| Year of publication | 2014. |
| 300 ## - PHYSICAL DESCRIPTION | |
| Number of Pages | xvi, 691 pages ; |
| Dimensions | 24 cm. |
| 504 ## - BIBLIOGRAPHY, ETC. NOTE | |
| Bibliography, etc | Includes index. |
| 650 #0 - SUBJECT ADDED ENTRY--TOPICAL TERM | |
| Subject | Operations research. |
| 700 1# - ADDED ENTRY--PERSONAL NAME | |
| Author 2/ Editor | Malik, A. K., |
| 942 ## - ADDED ENTRY ELEMENTS (KOHA) | |
| Source of classification or shelving scheme | Dewey Decimal Classification |
| Koha item type | Books |
| Withdrawn status | Lost status | Source of classification or shelving scheme | Damaged status | Not for loan | Home library | Current library | Shelving location | Date acquired | Source of acquisition | Cost, normal purchase price | Full call number | Accession Number | Price effective from | Koha item type |
|---|---|---|---|---|---|---|---|---|---|---|---|---|---|---|
| Dewey Decimal Classification | Institute of Public Enterprise, Library | Institute of Public Enterprise, Library | S Campus | 05/04/2026 | Gifted by Prof. S. Sathish Kumar (IPE Faculty ) | 495.00 | 658.4034 YAD | 51052 | 05/04/2026 | Books |

2cqr automation private limited, Chennai. All Rights Reserved.